000 01054nam a2200301 i 4500
001 000010972
003 DO-SdBNP
005 20250730100000.0
007 ta
008 091013s1981 dr a r 001 p spa d
040 _aDO-SdBNP
_bspa
_cBNPHU
_erda
041 _aspa
082 _aRD861.44
_bR139v
_222
100 1 _aRaful, Tony,
_d1951-
_91377
_eautor
_4aut.
245 1 0 _aVisiones del escriba :
_bpoemas /
_cTony Raful.
264 1 _aSanto Domingo :
_bEditora Alfa y Omega,
_c1981.
300 _a111 páginas
_bilustraciones
_c21 cm.
336 _atexto
_btxt
_2rdacontent
337 _asin mediación
_bn
_2rdamedia
338 _avolumen
_bnc
_2rdacarrier
505 2 _tLa epopeya de la existencia en el poeta Tony Raful: (estudio crítico) /
_rAntonio Fernández Spencer. --
_tVisiones del escriba: poemas /
_rTony Raful
590 _aInventariado, 2018/BT
600 1 0 _aRaful, Tony,
_d1951-
_91377
650 0 _aPoesía dominicana
_966
650 0 _aLiteratura dominicana.
_967
910 _aValidado. Control de calidad. MMOLINA
942 _2ddc
_cLBS1
999 _c10710
_d10710